[Event "Østlandsserien 2015 16"]
[Site "Diverse"]
[Date "2015.11.01"]
[Round "1"]
[White "Haveland, Bjørn"]
[Black "Livendahl, Kristian"]
[Result "0-1"]
[WhiteElo "1890"]
[BlackElo "1992"]
[PlyCount "73"]
[EventDate "2015.??.??"]

1. d4 e6 2. Nf3 d5 3. e3 Nf6 4. Bd3 Be7 5. O-O O-O 6. b3 h6 7. Bb2 b6 8. Ne5
Nfd7 9. f4 Nxe5 10. fxe5 f5 11. exf6 Rxf6 12. Nd2 Rxf1+ 13. Qxf1 Nd7 14. e4 Bb7
15. Re1 Bg5 16. Nf3 dxe4 17. Bxe4 Bxe4 18. Rxe4 Nf8 19. Nxg5 Qxg5 20. Qe2 Qf5
21. Ba3 Re8 22. Re5 Qf4 23. c3 c6 24. Re3 Qf5 25. Bxf8 Rxf8 26. Rxe6 Qb1+ 27.
Qe1 Qxa2 28. b4 Qc4 29. Re7 Rf7 30. Re8+ Kh7 31. Qe4+ g6 32. Qe1 c5 33. bxc5
bxc5 34. Rc8 Qd3 35. Rxc5 Rb7 36. h4 Rb1 37. Rc7+
0-1

[Event "Østlandsserien 2015 16"]
[Site "Diverse"]
[Date "2015.11.01"]
[Round "1"]
[White "Bjørnland, Svein"]
[Black "Tveten, Per"]
[Result "1-0"]
[WhiteElo "2074"]
[BlackElo "1547"]
[PlyCount "55"]
[EventDate "2015.??.??"]

1. d4 d5 2. c4 c6 3. Nc3 Bf5 4. cxd5 cxd5 5. Qb3 e6 6. Qxb7 Nd7 7. e3 Ngf6 8.
Nf3 Bd6 9. Bd2 O-O 10. Bb5 Re8 11. O-O Re7 12. Qa6 Nb6 13. h3 h6 14. Rac1 Rc8
15. Na4 Nc4 16. b3 Rec7 17. bxc4 Bd3 18. c5 Bxf1 19. Rxf1 Be7 20. Ba5 Ne4 21.
Bd3 Rc6 22. Qxc6 Rxc6 23. Bxd8 Bxd8 24. Rb1 Bc7 25. Bb5 Bh2+ 26. Nxh2 Rc7 27.
Bd3 Nf6 28. Rb8+
1-0

[Event "Østlandsserien 2015 16"]
[Site "Diverse"]
[Date "2015.11.01"]
[Round "1"]
[White "Stenersen, Gudmund"]
[Black "Svendsen, Per Gisle"]
[Result "1-0"]
[WhiteElo "2234"]
[BlackElo "1992"]
[PlyCount "73"]
[EventDate "2015.??.??"]

1. e4 Nf6 2. e5 Nd5 3. Nf3 d6 4. Bc4 c6 5. O-O Bg4 6. d4 e6 7. Nbd2 dxe5 8.
dxe5 Be7 9. Re1 O-O 10. h3 Bh5 11. Bf1 Nd7 12. c4 N5b6 13. b3 Nxe5 14. Rxe5
Bxf3 15. Qc2 f6 16. Rxe6 Bh5 17. Bd3 Kf7 18. Re1 Nd7 19. Bxh7 Ne5 20. Rxe5 fxe5
21. g4 Ke8 22. gxh5 Qd4 23. Bg6+ Kd8 24. Bb2 Qxf2+ 25. Kh1 Qe3 26. Qc3 Bc5 27.
Ne4 Qe2 28. Ng3 Qf3+ 29. Qxf3 Rxf3 30. Bxe5 Ke7 31. Ne4 Bb4 32. a3 Rd8 33. axb4
Rxh3+ 34. Kg2 Rxb3 35. Bxg7 Rdd3 36. h6 Rb2+ 37. Bxb2
1-0

[Event "Østlandsserien 2015 16"]
[Site "Diverse"]
[Date "2015.11.01"]
[Round "1"]
[White "Rognes, Sven Erik"]
[Black "Sousa, Ludy Helsio P"]
[Result "0-1"]
[WhiteElo "1920"]
[BlackElo "2176"]
[PlyCount "126"]
[EventDate "2015.??.??"]

1. Nc3 d5 2. e4 d4 3. Nce2 d3 4. cxd3 Qxd3 5. Ng3 Qd6 6. Nf3 e5 7. Bc4 Nc6 8.
O-O Be6 9. Bb5 Nge7 10. Ng5 a6 11. Ba4 Bc4 12. Bb3 h6 13. Bxc4 hxg5 14. d3 Qh6
15. h3 Nd4 16. Be3 Nec6 17. Qg4 Be7 18. Rac1 Qh4 19. Qd1 g6 20. Bd5 O-O-O 21.
Bxc6 Nxc6 22. Qe2 Rhf8 23. Rfd1 f5 24. exf5 gxf5 25. Bc5 Bxc5 26. Rxc5 f4 27.
Ne4 f3 28. Qf1 Nd4 29. g3 Qh8 30. Nxg5 Rf5 31. Ne4 Rd7 32. Kh2 Rh5 33. Rdc1
Rdh7 34. h4 Ne2 35. Qh3+ Kb8 36. Rxc7 Rxc7 37. Rxc7 Kxc7 38. Ng5 Nd4 39. Qg4
Kb8 40. Kh3 Qe8 41. Kh2 Qg6 42. Qd7 Ka7 43. Qe7 Qf5 44. Qc5+ Ka8 45. Qe7 Rh6
46. Ne4 Nc6 47. Qg7 Rg6 48. Qh7 Qg4 49. Qh8+ Rg8 50. Qh7 Rd8 51. Nc5 Qb4 52.
Ne6 Rc8 53. Qd7 Kb8 54. b3 Qe1 55. Kh3 Qxf2 56. Qd6+ Ka7 57. Qc5+ Qxc5 58. Nxc5
Nb4 59. Ne4 Nxd3 60. g4 Rc2 61. h5 Re2 62. Ng3 Nf4+ 63. Kh4 Rh2+
0-1

[Event "Østlandsserien 2015 16"]
[Site "Diverse"]
[Date "2015.11.01"]
[Round "1"]
[White "Bryn, Askild"]
[Black "Lindbøl, Aleksander"]
[Result "1-0"]
[WhiteElo "2015"]
[BlackElo "1711"]
[PlyCount "109"]
[EventDate "2015.??.??"]

1. e4 c6 2. d4 d5 3. e5 Bf5 4. g4 Be4 5. f3 Bg6 6. h4 h5 7. e6 Qd6 8. exf7+
Bxf7 9. Ne2 Nd7 10. Bf4 e5 11. Bg3 Qf6 12. Bg2 Bd6 13. g5 Qg6 14. O-O O-O-O 15.
f4 exf4 16. Nxf4 Bxf4 17. Bxf4 Be6 18. Qd2 b6 19. Bg3 Ne7 20. Qf4 Kb7 21. Qc7+
Ka8 22. Qd6 Rhe8 23. Re1 Nf8 24. Qa3 Rc8 25. Nd2 Nf5 26. Bf2 Qf7 27. Nf3 Ng6
28. b4 Nd6 29. Rf1 Nc4 30. Qc3 Nf4 31. Kh2 Ne2 32. Qe1 Bg4 33. Ne5 Qf4+ 34. Bg3
Qxd4 35. Nxc6 Rxc6 36. Rd1 Qe3 37. Bxd5 Nxg3 38. Bxc6+ Kb8 39. Qxg3+ Qxg3+ 40.
Kxg3 Re3+ 41. Bf3 Rc3 42. Rd3 Rxc2 43. Bxg4 hxg4 44. Rf8+ Kc7 45. Rf7+ Kc6 46.
Rxg7 Ne5 47. Re3 Nc4 48. Re4 Kd5 49. Rxc4 Rxc4 50. h5 Ke5 51. h6 Kf5 52. h7
Rc3+ 53. Kg2 Rc2+ 54. Kf1 Rg2 55. g6
1-0

[Event "Østlandsserien 2015 16"]
[Site "Diverse"]
[Date "2015.11.01"]
[Round "1"]
[White "Nesheim, Geir"]
[Black "Danielsen, Magnus"]
[Result "1/2-1/2"]
[WhiteElo "1758"]
[BlackElo "2041"]
[PlyCount "47"]
[EventDate "2015.??.??"]

1. d4 Nf6 2. c4 e6 3. Nc3 Bb4 4. Qc2 c5 5. dxc5 O-O 6. Bg5 Na6 7. f3 h6 8. Bh4
Nxc5 9. a3 Qa5 10. Rc1 Bxc3+ 11. Qxc3 Qxc3+ 12. Rxc3 b6 13. e4 d6 14. Nh3 Ba6
15. Be2 Rfc8 16. Bxf6 gxf6 17. Nf4 Kf8 18. Kf2 Rc7 19. g4 Rac8 20. Re3 Ke7 21.
h4 Nd7 22. b3 Rb8 23. a4 Ne5 24. h5
1/2-1/2

[Event "Østlandsserien 2015 16"]
[Site "Diverse"]
[Date "2015.11.01"]
[Round "2"]
[White "Lindbøl, Aleksander"]
[Black "Livendahl, Kristian"]
[Result "0-1"]
[WhiteElo "1711"]
[BlackElo "1992"]
[PlyCount "80"]
[EventDate "2015.??.??"]

1. c4 e6 2. Nc3 Nf6 3. g3 d5 4. cxd5 exd5 5. d4 Be7 6. Bg2 O-O 7. Nf3 c6 8. O-O
Bf5 9. Bf4 Ne4 10. Nd2 Nxd2 11. Qxd2 Nd7 12. Rfe1 Nb6 13. b3 Bf6 14. Rad1 Be7
15. Qb2 Bg5 16. Bxg5 Qxg5 17. a4 Nd7 18. e4 dxe4 19. Nxe4 Bxe4 20. Rxe4 Rae8
21. Qe2 Rxe4 22. Qxe4 Qd8 23. d5 Nf6 24. Qd4 cxd5 25. Bxd5 Nxd5 26. Qxd5 Qb6
27. Rd4 h6 28. a5 Qc7 29. Rb4 b6 30. a6 Rd8 31. Rc4 Qe7 32. Qf5 g6 33. Qe4 Qa3
34. Qb7 Rd1+ 35. Kg2 Qxb3 36. Rc8+ Kg7 37. Qe4 Qb5 38. Kf3 Qd3+ 39. Kf4 g5+ 40.
Kf5 Qd7+
0-1

[Event "Østlandsserien 2015 16"]
[Site "Diverse"]
[Date "2015.11.01"]
[Round "2"]
[White "Berntsen-Øybø, August"]
[Black "Nordby, Bernt"]
[Result "0-1"]
[WhiteElo "1802"]
[BlackElo "2059"]
[PlyCount "98"]
[EventDate "2015.??.??"]

1. d4 Nf6 2. Nf3 g6 3. c4 Bg7 4. Nc3 O-O 5. e4 d6 6. Be2 e5 7. O-O Nc6 8. d5
Ne7 9. b4 a5 10. Rb1 axb4 11. Rxb4 Nd7 12. Ne1 f5 13. f3 f4 14. Nd3 b6 15. Bd2
g5 16. a4 Rf7 17. Rb2 Bf8 18. Ra2 Rg7 19. Nb5 Nf6 20. Nf2 h5 21. h3 Kh8 22. a5
Neg8 23. Ra3 Nh6 24. axb6 Rxa3 25. bxc7 Qe7 26. Nxa3 g4 27. fxg4 hxg4 28. hxg4
Qxc7 29. Bxf4 exf4 30. Qd4 Qe7 31. Nb5 Qe5 32. Qxe5 dxe5 33. d6 Nhxg4 34. Bxg4
Nxg4 35. Nxg4 Bxg4 36. Kf2 Bd7 37. Rd1 Bxb5 38. cxb5 Rd7 39. Rd5 Bg7 40. b6 Bf6
41. g3 fxg3+ 42. Kxg3 Kg7 43. Kf3 Kf7 44. Ke3 Ke6 45. Rd1 Bd8 46. Rb1 Rb7 47.
Rh1 Bxb6+ 48. Kd3 Kxd6 49. Rc1 Bd4
0-1

[Event "Østlandsserien 2015 16"]
[Site "Diverse"]
[Date "2015.11.01"]
[Round "3"]
[White "Livendahl, Kristian"]
[Black "Bryn, Askild"]
[Result "1/2-1/2"]
[WhiteElo "1992"]
[BlackElo "2015"]
[PlyCount "87"]
[EventDate "2015.??.??"]

1. d4 d6 2. g3 g6 3. Bg2 Bg7 4. Nf3 Nd7 5. e4 e5 6. dxe5 dxe5 7. O-O Ngf6 8.
Nc3 O-O 9. Bg5 h6 10. Be3 Ng4 11. Qe2 Nxe3 12. Qxe3 c6 13. Nd2 Qb6 14. Nc4 Qxe3
15. Nxe3 Nc5 16. Rad1 Be6 17. b3 Rfd8 18. f3 Na6 19. a3 Bf8 20. b4 Nc7 21. f4
a5 22. bxa5 Bxa3 23. f5 Bc5 24. Rde1 Bc4 25. Rf2 Bxe3 26. Rxe3 g5 27. Bf3 Rxa5
28. h4 Ra3 29. Kg2 b5 30. Nd5 Rxe3 31. Nxe3 f6 32. hxg5 hxg5 33. Nxc4 bxc4 34.
Be2 Rd4 35. c3 Rxe4 36. Kf3 Rxe2 37. Kxe2 Kf8 38. Rh2 Ke7 39. Rh6 Nd5 40. Kd2
Kd6 41. Rh8 Kd7 42. Rh7+ Kd6 43. Rh8 Kd7 44. Rh7+ 
1/2-1/2

[Event "Østlandsserien 2015 16"]
[Site "Diverse"]
[Date "2015.11.01"]
[Round "3"]
[White "Nordby, Bernt"]
[Black "Stenersen, Gudmund"]
[Result "1/2-1/2"]
[WhiteElo "2059"]
[BlackElo "2234"]
[PlyCount "35"]
[EventDate "2015.??.??"]

1. d4 d5 2. Nf3 Nf6 3. c4 e6 4. Bg5 Nbd7 5. e3 Bb4+ 6. Nbd2 h6 7. Bxf6 Qxf6 8.
Be2 O-O 9. O-O c5 10. a3 Ba5 11. Nb3 Bc7 12. Qc2 b6 13. cxd5 exd5 14. dxc5 bxc5
15. Nxc5 Nxc5 16. Qxc5 Qxb2 17. Qxc7 Qxe2 18. Nd4 
1/2-1/2